Diaspora-Ukraine - Statistics

General Stats
  • This quiz has been taken 424 times
  • The average score is 31 of 39
Answer Stats
Number of immigrants Continent Country % Correct
3.269.992 Asia/ Europe Russia
99%
1.359.655 North America Canada
98%
1.028.492 North America United States of America
98%
1.200.000 Europe Poland
96%
600.000 South America Brazil
95%
272.000 Europe Germany
93%
305.000 South America Argentina
91%
90.530-100.000 Europe Spain
91%
20.000-35.000 Asia/ Europe Turkey
90%
23.414 Europe United Kingdom
90%
40.000 Europe France
89%
234.354 Europe Italy
89%
51.703-200.000 Europe Romania
88%
8.000 Europe Sweden
86%
338.022 Asia Kazakhstan
85%
38.791 Oceania Australia
83%
12.248 Europe Lithuania
83%
325.235 Europe Moldova
83%
131.709 Europe Czech Republic
82%
10.996 Europe Hungary
82%
50.699 Europe Latvia
82%
10.001 Europe Slovakia
82%
12.000 Europe Austria
81%
225.734 Europe Belarus
81%
23.183 Europe Estonia
81%
5.000 Europe Finland
80%
45.051 Europe Portugal
79%
32.000 Europe Greece
78%
12.144 Europe Denmark
74%
6.681 Europe Switzerland
74%
22.263 Asia Georgia
73%
5.000 Europe the Netherlands
73%
124.602 Asia Uzbekistan
72%
21.509 Asia Azerbaijan
65%
10.000-15,000 South America Uruguay
63%
12.691 Asia Kyrgyzstan
60%
12.000-40.000 South America Paraguay
55%
11.145 Asia United Arab Emirates
51%
5.000 Asia Jordan
21%
No matching quizzes found
Score Distribution
Percent of People with Each Score
Percentile by Number Answered
Your Score History
You have not taken this quiz